000 00259nam a2200097Ia 4500
008 230907s9999||||xx |||||||||||||| ||und||
082 _a620.135,CEM
245 0 _aCement-based materials for nuclear waste storage /
300 _axviii, 264 pages :
942 _cBK
999 _c597651
_d597651